| 000 | 00513nam a2200181Ia 4500 | ||
|---|---|---|---|
| 008 | 100920s9999 xx 000 0 und d | ||
| 082 |
_b73167 _a891.463.1 थ 98 |
||
| 100 | _aफडणीस शकुंतला. | ||
| 245 | _aहूल. | ||
| 260 |
_bयोगिता प्रकाशन, पुणे 30. _c1998 |
||
| 300 |
_a116 _bसाधी |
||
| 365 | _b90 | ||
| 520 | _aलघुकथा. | ||
| 630 | _aहूल. | ||
| 650 | _aलघुकथा. | ||
| 730 | _aहूल. | ||
| 942 | _cBOOK | ||
| 999 |
_c714869 _d714866 |
||